The Japanese money tree : (Record no. 8558)
[ view plain ]
| 000 -LEADER | |
|---|---|
| fixed length control field | 00727cam a22002172 4500 |
| 001 - CONTROL NUMBER | |
| control field | 0000018408 |
| 005 - DATE AND TIME OF LATEST TRANSACTION | |
| control field | 20151217152128.0 |
| 008 - FIXED-LENGTH DATA ELEMENTS--GENERAL INFORMATION | |
| fixed length control field | 091027s xx 000 0 eng d |
| 020 ## - INTERNATIONAL STANDARD BOOK NUMBER | |
| International Standard Book Number | 0132343908 : |
| 040 ## - CATALOGING SOURCE | |
| Original cataloging agency | KABU |
| Transcribing agency | KABU |
| 100 1# - MAIN ENTRY--PERSONAL NAME | |
| Personal name | Shipley, Andrew H. |
| -- | 0000177641 |
| 245 14 - TITLE STATEMENT | |
| Title | The Japanese money tree : |
| Remainder of title | how investors can prosper from Japan's economic rebirth / |
| Statement of responsibility, etc. | Andrew H. Shipley. |
| 250 ## - EDITION STATEMENT | |
| Edition statement | 1st ed. |
| 260 ## - PUBLICATION, DISTRIBUTION, ETC. (IMPRINT) | |
| Place of publication, distribution, etc. | Upper Saddle River, NJ. : |
| Name of publisher, distributor, etc. | FT Press, |
| Date of publication, distribution, etc. | 2007. |
| 300 ## - PHYSICAL DESCRIPTION | |
| Extent | xx, 262 p. |
| 650 #0 - SUBJECT ADDED ENTRY--TOPICAL TERM | |
| Topical term or geographic name as entry element | Investments, Foreign |
| Geographic subdivision | Japan. |
| -- | 0000177642 |
| 651 #0 - SUBJECT ADDED ENTRY--GEOGRAPHIC NAME | |
| Geographic name | Japan |
| General subdivision | Economic conditions |
| Chronological subdivision | 1989-. |
| -- | 0000166851 |
| 852 1# - LOCATION | |
| -- | p2995 KES |
| 908 ## - PUT COMMAND PARAMETER (RLIN) | |
| Put command parameter | 091027 |
| 950 ## - LOCAL HOLDINGS (RLIN) | |
| -- | 1 |
| Withdrawn status | Lost status | Source of classification or shelving scheme | Not for loan | Home library | Current library | Date acquired | Total Checkouts | Total Renewals | Full call number | Barcode | Date last seen | Date last checked out | Price effective from | Koha item type |
|---|---|---|---|---|---|---|---|---|---|---|---|---|---|---|
| Library of Congress Classification | Kabarak, Main Campus | Kabarak, Main Campus | 17/12/2015 | 8 | 1 | HG5772 .S55 2007 c. 1 | 18246 | 27/06/2024 | 11/04/2024 | 17/12/2015 | General Collection |